Statistiken für Welches Tier ist am wenigsten mit den anderen verwandt?

Klicken Sie hier um das Quiz zu spielen!

Allgemein

  • Dieses Quiz wurde 59 mal gespielt
  • Das Durchschnittsergebnis liegt bei 6 aus 10

Antwortstatistiken

FrageAntwort% Korrekt
Natter, Viper und SchleicheBlindschleiche
81%
Pferd, Giraffe und ZebraWestafrikanische Giraffe
75%
Ziege, Schaf und SchweinWildschwein
75%
Wolf, Beutelwolf und FuchsTasmanischer Wolf
65%
Hai, Wal und RochenBlauwal
63%
Sperlingsvogel, Fledertier und SchmetterlingAdmiral
62%
Ratte, Maus und WühlmausAlaska Wühlmaus
58%
Biber, Wiesel und DachsEuropäischer Biber
44%
Gecko, Natter und SalamanderFeuersalamander
35%
Libelle, Biene und KäferBlaugrüne Mosaikjungfer
33%

Verteilung der Resultate

Perzentil nach korrekt beantworteten Fragen

Anzahl Personen mit jedem Resultat

Ihre Resultats-Entwicklung

Sie haben dieses Quiz noch nicht gespielt